Ricostruisci la Carriera del Calciatore - Sam Lammers - Statistics

Statistiche generali
  • Questo quiz è stato fatto 2 volte
  • Il punteggio medio è 6 su 10
Statistiche sulle risposte
Hint Risposta % Corretto
2022-2023 Empoli
100%
2015-2018 Jong PSV
100%
2016-2018 PSV
100%
2024- Utrecht
100%
2018-2019 Heerenveen
50%
2023-2024 Rangers
50%
2023 Sampdoria
50%
2020-2021 Atalanta
0%
2021-2022 Eintracht Francoforte
0%
2019-2020 PSV
0%
Nessun quiz corrispondente trovato
Distribuzione punteggi
Percentuale di utenti per punteggio
Percentile per numero di risposta
I tuoi punteggi nel tempo
Non hai fatto questo quiz